| 000 | 00559cam a2200205ua 4500 | ||
|---|---|---|---|
| 001 | 2525 | ||
| 005 | 20260515113519.0 | ||
| 008 | 110909n ii |||gr||||Z||||||asm | ||
| 040 | _cMAIN | ||
| 082 | _a491.451 | ||
| 100 |
_aGoswami, Upendra Nath, _eAuthor. |
||
| 245 | 1 | 1 |
_aAsomiya bhasar udbhav samriddhi aru vikash _cby Upendra Nath Goswami |
| 250 | _a1st. | ||
| 260 |
_aGuahati: _bBaruah agency,991. |
||
| 300 |
_a294p: _c23cm. |
||
| 653 | _aLanguage | ||
| 653 | _aAssamese language | ||
| 653 | _aAsomiya bhasar udbhav samriddhi aru vikash | ||
| 942 | _cBK | ||
| 999 |
_c2376 _d2376 |
||